Handbook of world mineral trade statistics 1991-1996

Gespeichert in:
Bibliographische Detailangaben
Format: Buch
Sprache:Englisch
Veröffentlicht: New York United Nations 1997
Schriftenreihe:UNCTAD/ITCD/COM/9
Schlagworte:
Tags: Tag hinzufügen
Keine Tags, Fügen Sie das erste Tag hinzu!

MARC

LEADER 00000nam a2200000 4500
001 c124759
005 20221124074645.0
020 |a 92-1-112422-0 
041 0 |a eng 
044 |a US 
245 1 0 |a Handbook of world mineral trade statistics 1991-1996 
264 1 |a New York  |b United Nations  |c 1997 
300 |a 385 s. 
490 1 |a UNCTAD/ITCD/COM/9 
830 0 |a UNCTAD/ITCD/COM/9 
610 2 0 |a štatistika 
610 2 0 |a štatistika ekonomická 
610 2 0 |a obchod 
610 2 0 |a suroviny nerastné 
610 2 0 |a suroviny prírodné 
610 2 0 |a kovy 
610 2 0 |a kovy drahé 
610 2 0 |a kovy farebné 
610 2 0 |a kovy strategické 
610 2 0 |a kovy vzácne 
610 2 0 |a dovoz 
610 2 0 |a vývoz 
610 2 0 |a komodity 
610 2 0 |a svet 
610 2 0 |a 1991-1996 
610 2 0 |a nerasty